| 000 | 00462nmm a2200169Ia 4500 | ||
|---|---|---|---|
| 008 | 251105s9999||||xx |||||||||||||||||und|| | ||
| 020 | _a9788498653281 | ||
| 041 | _aglg | ||
| 100 | _aFreixanes, Víctor F. | ||
| 245 | 0 | _aCabalo de ouros | |
| 264 |
_a[Madrid, España] : _bEditorial Galaxia, _c2010 |
||
| 300 | _a364 páginas | ||
| 490 | _aLiteraria | ||
| 650 | _aSpanish narrative | ||
| 856 | _uhttps://public.digitaliapublishing.com/a/84974 | ||
| 942 | _cCF | ||
| 999 |
_c91980 _d91980 |
||